The State of the European Union 1994. / (Record no. 5439)

MARC details
000 -LEADER
fixed length control field 01061nam a22001577a 4500
008 - FIXED-LENGTH DATA ELEMENTS--GENERAL INFORMATION
fixed length control field 150428b xxu||||| |||| 00| 0 eng d
020 ## - INTERNATIONAL STANDARD BOOK NUMBER
International Standard Book Number 9990996547
050 ## - LIBRARY OF CONGRESS CALL NUMBER
Classification number JN30.S74
245 ## - TITLE STATEMENT
Title The State of the European Union 1994. /
Statement of responsibility, etc. edited by Peter G. Xuereb and Roderick Pace
260 ## - PUBLICATION, DISTRIBUTION, ETC.
Place of publication, distribution, etc. Malta:
Name of publisher, distributor, etc. European documentation and research centre,
Date of publication, distribution, etc. c1994.
300 ## - PHYSICAL DESCRIPTION
Extent 241p.
Dimensions 24cm.
505 ## - FORMATTED CONTENTS NOTE
Formatted contents note Contents: Institution of the European Union -- An Introduction to the legal order of the European Union -- The Economics of the European integration: the four freedoms -- The Evolution of EU-Malta relations: economic and political aspects -- An Overview of EU competition rules and comments on the Maltese competition bill -- EU competition policy and recent developments -- EU and Maltese company law -- European financial services law -- Monetary movements in the European Union -- The Maltese banking system and membership of the European union -- Economic convergence and monetary union.
700 ## - ADDED ENTRY--PERSONAL NAME
Personal name Xuereb, Peter G.
700 ## - ADDED ENTRY--PERSONAL NAME
Personal name Pace, Roderick
942 ## - ADDED ENTRY ELEMENTS (KOHA)
Source of classification or shelving scheme Library of Congress Classification
Koha item type Books
Holdings
Withdrawn status Lost status Source of classification or shelving scheme Damaged status Not for loan Home library Current library Shelving location Date acquired Total Checkouts Full call number Barcode Date last seen Price effective from Koha item type
    Library of Congress Classification     WISCONSIN INTERNATIONAL UNIVERSITY COLLEGE, GHANA - MAIN LIBRARY WISCONSIN INTERNATIONAL UNIVERSITY COLLEGE, GHANA - MAIN LIBRARY Law Library 28/04/2015   JN30.S74 032/15 28/04/2015 28/04/2015 Books

If you have any concerns or questions; kindly contact the library


© Powered by WIUC ICT DIRECTORATE